| 000 | 01164nam a22002777a 4500 | ||
|---|---|---|---|
| 999 |
_c6813 _d6813 |
||
| 003 | AR-CdUCM | ||
| 008 | 190319b ||||| |||| 00| 0 spa d | ||
| 020 | _a84-205-0426-2 | ||
| 040 |
_aMUNICIPALIDAD PROVINCIAL DEL CUSCO _cBIBLIOTECA MUNICIPAL DEL CUSCO |
||
| 041 | _heng | ||
| 082 |
_a576.52 / _bST83 |
||
| 100 |
_aStern, Curt, _919193 |
||
| 245 |
_aEl origen de la genética : _bun libro frontal de Mendel / |
||
| 260 |
_aMadrid, : _b Edit. Alhambra, _c1973. |
||
| 300 |
_aXVIII 187 paginas ; _bCuadros, diagramas, formulas, _c20 cm |
||
| 440 |
_aColección Exedra ciencia técnica - ingeniería _n85 _919194 |
||
| 500 | _aTitulo original : The origin of genetics | ||
| 505 | _aExperimentos en híbridos de plantas -- Sobre los híbridos de "hieracium" obtenidos por fecundación artificial -- Cartas de Gregor Mendel a Carlos Nageli, 1866-1873 -- Alusiones al trabajo de Mendel -- La ley de segregación de los híbridos... | ||
| 650 |
_aGregor Mendel _919195 |
||
| 650 |
_aGenética _95063 |
||
| 650 |
_aHíbridos _919196 |
||
| 700 |
_aSherwood, E. R. _919197 |
||
| 700 |
_aRodríguez, Paulino, OSA _919198 |
||
| 942 |
_2ddc _cLIBROS |
||
| 945 | _awnts | ||